=LDR 00000nam 2200000 4500 =001 INLIS000000000050531 =005 20200316065904 =035 ##$$a 0010-0517000184 =007 ta =008 200316################g##########0#ind## =020 ##$$a 978-979-16611-2-6 =082 ##$$a 297.125 =084 ##$$a 297.125 JAW t =100 #$$a Jawas, Yasid Bin Abdul Qadir =245 1#$$a Tujuh masiat nabi kepada Abu Dzarr ra. /$c Yasid Bin Abdul Qadir Jawas =250 ##$$a cet.6 =260 ##$$a Bogor :$b Pustaka At-Taqwa,$c 2016 =300 ##$$a vi, 98 hlm ; $c 19 x 14 cm =650 #4$$a Hadits =990 ##$$a 31701270 =990 ##$$a 31701269